书目信息 |
| 题名: |
数学--它的内容,方法和意义(第一卷)
|
|
| 作者: | 亚历山大洛夫 著 ;孙小礼 译 | |
| 分册: | ||
| 出版信息: | 北京 科学出版社 2001 |
|
| 页数: | 320页 | |
| 开本: | 20cm | |
| 丛书名: | 数学名著译丛 | |
| 单 册: | ||
| 中图分类: | O1- 0 | |
| 科图分类: | ||
| 主题词: | 数学 | |
| 电子资源: | ||
| ISBN: | 7-03-009596-0 | |
| 000 | 00725nam0 2200217 450 | |
| 001 | 0732828906 | |
| 005 | 20070903090708.90 | |
| 010 | @a7-03-009596-0@d¥28.00 | |
| 100 | @a20070903d km y0chiy0120 ea | |
| 101 | 0 | @achi |
| 200 | 1 | @a数学--它的内容,方法和意义(第一卷)@Ashu xue--ta de nei rong,fang fa he yi yi(di yi juan)@f亚历山大洛夫等著@Fya li shan da luo fu deng zhu@g孙小礼等译@Gsun xiao li deng yi |
| 210 | @a北京@c科学出版社@d2001 | |
| 215 | @a320页@d20cm | |
| 225 | 2 | @a数学名著译丛 |
| 410 | 0 | @12001 @a数学名著译丛 |
| 606 | 0 | @a数学 |
| 690 | @aO1- 0@v3 | |
| 701 | 0 | @a亚历山大洛夫@Aya li shan da luo fu@4著 |
| 702 | 0 | @a孙小礼@Asun xiao li@4译 |
| 801 | 0 | @aCN@bPFT@c20070903 |
| 905 | @a213230@dO1- 0@eS132:1@f1 | |
| 数学--它的内容,方法和意义(第一卷)/亚历山大洛夫等著/孙小礼等译.-北京:科学出版社,2001 |
| 320页;20cm.-(数学名著译丛) |
| ISBN 7-03-009596-0:¥28.00 |
| ● |
| 相关链接 |
|
|
|
|
正题名:数学--它的内容,方法和意义(第一卷)
索取号:O1- 0/S132:1
 
预约/预借
| 序号 | 登录号 | 条形码 | 馆藏地/架位号 | 状态 | 备注 |
| 1 | 6700192 | 267001923 | 密集书库-数信学院/ [索取号:O1- 0/S132:1] | 在馆 | |
| 2 | 6700193 | 267001932 | 密集书库-数信学院/ [索取号:O1- 0/S132:1] | 在馆 |